000 00700nam a2200241 a 4500
001 BRL_1061
005 20190320211022.0
008 061113s1990----mx-a######---#000-0#spa-#
020 _a9686068937
041 _aspa
044 _amx
050 4 _aN5313
_b.O78 1990
100 1 _aOrtiz Angulo, Ana
_925711
245 1 0 _aDefinición y clasificación de arte popular
_cAna Ortiz Angulo.
260 _aMéxico
_bInstituto Nacional de Antropología e Historia
_c1990
300 _a150 p.
_bil.
_c26 cm.
440 0 _aColección científica. Serie Historia
_v206
_925712
500 _aAu1186
504 _aBibliografía: p. 137-142
650 1 4 _aArte popular
_97800
902 _aGRL
942 _2lcc
_cB
999 _c9873
_d9873